أدعية أهل البيت / (رقم التسجيلة. 100391)
[ عرض عادي ]
| 000 -الفاتح | |
|---|---|
| عناصر البيانات ثابتة الطول | 00485cam a2200157 i 4500 |
| 005 - تاريخ ووقت آخر معاملة | |
| حقل ضبط | 20251223115338.0 |
| 008 - عناصر البيانات ثابتة الطول | |
| عناصر البيانات ثابتة الطول | 250721s2002 ua gr 000 0 ara d |
| 082 14 - رقم تصنيف ديوي العشري | |
| رقم التصنيف | 218.32 |
| رقم المادة | خ ض ر |
| 100 1# - مدخل رئيسي – اسم شخصي | |
| الاسم الشخصي | خضر، هشام |
| علاقة الشخص بالعمل/ دوره | معد. |
| 245 10 - بيان العنوان | |
| العنوان | أدعية أهل البيت / |
| بيان المسؤولية | هشام خضر. |
| 264 31 - بيانات النشر، التوزيع…إلخ | |
| مكان النشر، التوزيع...إلخ | الجيزة : |
| اسم الناشر، الموزع...إلخ | مكتبة النافذة، |
| تاريخ النشر، التوزيع...إلخ | 2002. |
| 300 ## - الوصف المادي | |
| عدد الوحدات المكونة للوعاء | 176 صفحة. |
| 650 17 - مدخل إضافي بالموضوع - مصطلح موضوعي | |
| مصطلح موضوعي أو اسم جغرافي كعنصر مدخل | الأدعية الإسلامية. |
| 942 ## - بيانات إضافية (كوها) | |
| نوع التنصيف | Dewey Decimal Classification |
| نوع المادة (كوها) | كتب |
| حالة السحب | حالة الفقدان | مصدر التصنيف | حالة التلف | غير قابل للإعارة | المكتبة الرئيسية | المكتبة الحالية | موقع الرف | تاريخ التزويد | الرقم المتسلسل | Total Checkouts | رقم الإستدعاء | الباركود | تاريخ آخر ظهور | تاريخ الفاتورة | نوع المادة (كوها) |
|---|---|---|---|---|---|---|---|---|---|---|---|---|---|---|---|
| Dewey Decimal Classification | المكتبة المركزية | المكتبة المركزية | الإعارة | 28/07/2025 | 1024673 | 218.32 / خ ض ر | 1024673 | 28/07/2025 | 28/07/2025 | كتب | |||||
| Dewey Decimal Classification | Not For Loan | المكتبة المركزية | المكتبة المركزية | مقتنيات قسم التزويد | 28/07/2025 | 1024674 | 218.32/خضر | 1024674 | 28/07/2025 | 28/07/2025 | كتب | ||||
| Dewey Decimal Classification | Not For Loan | المكتبة المركزية | المكتبة المركزية | مقتنيات قسم التزويد | 28/07/2025 | 1024675 | 218.32/خضر | 1024675 | 28/07/2025 | 28/07/2025 | كتب | ||||
| Dewey Decimal Classification | Not For Loan | المكتبة المركزية | المكتبة المركزية | مقتنيات قسم التزويد | 28/07/2025 | 1024676 | 218.32/خضر | 1024676 | 28/07/2025 | 28/07/2025 | كتب | ||||
| Dewey Decimal Classification | المكتبة المركزية | المكتبة المركزية | الإعارة | 16/11/2016 | 1650015 | 218.32/خضر | PLD00399170 | 28/07/2025 | 16/11/2016 | كتب |